Dynamic response of three-dimensional multi-domain piezoelectric structures via bem; Высокие технологии в современной науке и технике (ВТСНТ-2017)

Detaylı Bibliyografya
Parent link:Высокие технологии в современной науке и технике (ВТСНТ-2017).— 2017.— [С. 288]
Diğer Yazarlar: Igumnov L. A., Markov I. P., Lyubimov A. K., Novikov V. V.
Özet:Заглавие с титульного экрана
Dil:İngilizce
Baskı/Yayın Bilgisi: 2017
Seri Bilgileri:Проблемы надежности машиностроения и машиностроительные технологии
Konular:
Online Erişim:http://earchive.tpu.ru/handle/11683/45406
Materyal Türü: Elektronik Kitap Bölümü
KOHA link:https://koha.lib.tpu.ru/cgi-bin/koha/opac-detail.pl?biblionumber=625538

MARC

LEADER 00000naa2a2200000 4500
001 625538
005 20231101133352.0
035 |a (RuTPU)RU\TPU\conf\24798 
035 |a RU\TPU\conf\24796 
090 |a 625538 
100 |a 20171214d2017 k y0rusy50 ba 
101 0 |a eng 
102 |a RU 
105 |a y z 101zy 
135 |a drcn ---uucaa 
181 0 |a i  
182 0 |a b 
200 1 |a Dynamic response of three-dimensional multi-domain piezoelectric structures via bem  |f L. A. Igumnov [et al.] 
203 |a Текст  |c электронный 
225 1 |a Проблемы надежности машиностроения и машиностроительные технологии 
230 |a 1 компьютерный файл (pdf; 224 Kb) 
300 |a Заглавие с титульного экрана 
463 1 |0 (RuTPU)RU\TPU\conf\24481  |t Высокие технологии в современной науке и технике (ВТСНТ-2017)  |o сборник научных трудов VI Международной научно-технической конференции молодых ученых, аспирантов и студентов, г. Томск, 27–29 ноября 2017 г.  |f Национальный исследовательский Томский политехнический университет (ТПУ) ; под ред. А. Н. Яковлева  |v [С. 288]  |d 2017 
610 1 |a электронные ресурсы 
610 1 |a пьезоэлектрические материалы 
610 1 |a анизотропия 
610 1 |a электрические заряды 
610 1 |a 3D 
701 1 |a Igumnov  |b L. A. 
701 1 |a Markov  |b I. P. 
701 1 |a Lyubimov  |b A. K. 
701 1 |a Novikov  |b V. V. 
801 2 |a RU  |b 63413507  |c 20200115  |g RCR 
856 4 |u http://earchive.tpu.ru/handle/11683/45406 
942 |c BK